[Event "Berlin-ch Seniors op 27th"]
[Site "Berlin"]
[Date "2011.02.03"]
[Round "6"]
[White "Lilienthal, Georg"]
[Black "Krause, Werner1111"]
[Result "1/2-1/2"]
[WhiteElo "1242"]
[BlackElo "1475"]
[PlyCount "75"]
[EventDate "2011.01.29"]
[EventType "swiss"]
[EventRounds "9"]
[EventCountry "GER"]
[SourceTitle "EXT 2012"]
[Source "ChessBase"]
[SourceDate "2011.11.24"]
[SourceVersion "1"]
[SourceVersionDate "2011.11.24"]
[SourceQuality "1"]

1. d4 d5 2. c4 e5 3. dxe5 d4 4. Nf3 Nc6 5. a3 Bg4 6. Nbd2 f6 7. h3 Bxf3 8. Nxf3 fxe5 9. e3 Qe7 10. e4 0-0-0 11. Bd3 Nf6 12. 0-0 h6 13. Bd2 g5 14. Nh2 Qf7 15. Qf3 Be7 16. b4 Rdf8 17. b5 Nb8 18. Bb4 Qe6 19. Qf5 Qxf5 20. exf5 Bxb4 21. axb4 e4 22. Bc2 d3 23. Bd1 Nbd7 24. Rxa7 Kb8 25. Ra2 Ne5 26. Bb3 Kc8 27. c5 Kd7 28. Rfa1 Ke7 29. b6 cxb6 30. cxb6 Ned7 31. Rc1 Ra8 32. Ra7 Rxa7 33. bxa7 Ra8 34. Ra1 Kd6 35. Nf1 Nb6 36. Be6 Rd8 37. Ne3 Na8 38. Nc4+ 1/2-1/2

[Event "Berlin-ch Seniors op 27th"]
[Site "Berlin"]
[Date "2011.01.30"]
[Round "2"]
[White "Lilienthal, Georg"]
[Black "Ollek, Karl Heinz"]
[Result "0-1"]
[WhiteElo "1242"]
[BlackElo "1582"]
[PlyCount "62"]
[EventDate "2011.01.29"]
[EventType "swiss"]
[EventRounds "9"]
[EventCountry "GER"]
[SourceTitle "EXT 2012"]
[Source "ChessBase"]
[SourceDate "2011.11.24"]
[SourceVersion "1"]
[SourceVersionDate "2011.11.24"]
[SourceQuality "1"]

1. d4 f5 2. c4 Nf6 3. Nc3 e6 4. a3 Be7 5. Bf4 0-0 6. e3 c6 7. Bd3 d5 8. Nf3 Ne4 9. Nxe4 fxe4 10. Ne5 exd3 11. Nxd3 dxc4 12. Ne5 Qd5 13. 0-0 Nd7 14. Qg4 Nxe5 15. dxe5 Qe4 16. f3 Qf5 17. Qg3 b5 18. Rac1 g5 19. Rfd1 Kh8 20. Bxg5 Bxg5 21. f4 Be7 22. Qf3 Rb8 23. e4 Qg6 24. Rd2 Bb7 25. Rf2 c5 26. f5 exf5 27. Qh3 Bxe4 28. Re2 Rbd8 29. Rce1 Rd3 30. g3 b4 31. Rf1 c3 0-1

[Event "Berlin-ch Seniors op 26th"]
[Site "Berlin"]
[Date "2010.02.13"]
[Round "5"]
[White "Lilienthal, Georg"]
[Black "Geist, Wolfgang"]
[Result "1-0"]
[WhiteElo "1241"]
[BlackElo "1438"]
[PlyCount "69"]
[EventDate "2010.02.09"]
[EventType "swiss"]
[EventRounds "9"]
[EventCountry "GER"]
[SourceTitle "EXT 2012"]
[Source "ChessBase"]
[SourceDate "2011.11.24"]
[SourceVersion "1"]
[SourceVersionDate "2011.11.24"]
[SourceQuality "1"]

1. d4 Nf6 2. c4 e6 3. Nc3 Be7 4. e4 d6 5. d5 e5 6. Be2 0-0 7. h3 a6 8. Bg4 h6 9. Qf3 Nbd7 10. Qg3 Kh8 11. Nf3 Nh7 12. h4 Ndf6 13. Bf5 Bxf5 14. exf5 Rg8 15. Ng5 Qf8 16. Be3 Nh5 17. Qg4 N7f6 18. Qe2 g6 19. g4 Nf4 20. Bxf4 exf4 21. 0-0-0 gxf5 22. gxf5 Re8 23. Qd2 hxg5 24. hxg5+ Nh7 25. Qd4+ Rg7 26. f6 Bxf6 27. Qxf6 Kg8 28. Qxf4 Nxg5 29. Rdg1 f6 30. Rh6 Nh7 31. Rgh1 Re5 32. Ne4 Qe7 33. Rxh7 Rxe4 34. Rxg7+ Kxg7 35. Qg3+ 1-0

[Event "Berlin-ch Seniors op 26th"]
[Site "Berlin"]
[Date "2010.02.11"]
[Round "3"]
[White "Lilienthal, Georg"]
[Black "Paris, Gerhard"]
[Result "0-1"]
[WhiteElo "1241"]
[BlackElo "1485"]
[PlyCount "98"]
[EventDate "2010.02.09"]
[EventType "swiss"]
[EventRounds "9"]
[EventCountry "GER"]
[SourceTitle "EXT 2012"]
[Source "ChessBase"]
[SourceDate "2011.11.24"]
[SourceVersion "1"]
[SourceVersionDate "2011.11.24"]
[SourceQuality "1"]

1. d4 Nf6 2. c4 d6 3. Nc3 g6 4. Bf4 Bg7 5. e3 0-0 6. h3 Nbd7 7. Nf3 b6 8. Be2 a5 9. 0-0 Bb7 10. d5 Nc5 11. Bd3 Bc8 12. Ng5 Bd7 13. Rb1 Qc8 14. Nce4 Ncxe4 15. Nxe4 Nh5 16. Bh2 Bf5 17. Ng3 Bxd3 18. Qxd3 Nf6 19. e4 Nd7 20. Qe3 Ne5 21. b3 f6 22. Ne2 Nf7 23. Nd4 Nd8 24. Bf4 e5 25. dxe6 Nxe6 26. Nxe6 Qxe6 27. Rbd1 Rae8 28. Rfe1 f5 29. Bh6 fxe4 30. Bxg7 Kxg7 31. Qd4+ Qf6 32. Rxe4 Rxe4 33. Qxe4 Qxf2+ 34. Kh2 Qf4+ 35. Qxf4 Rxf4 36. Kg3 Rf5 37. Re1 Kf7 38. Re4 h5 39. h4 Rf1 40. Re2 Rd1 41. Rf2+ Kg7 42. Re2 Rd3+ 43. Kh2 Kf6 44. Rf2+ Ke5 45. Rf7 Rd2 46. a3 Rb2 47. Rxc7 Rxb3 48. Rc6 Ke6 49. a4 Kd7 0-1

[Event "Berlin-ch Seniors op 26th"]
[Site "Berlin"]
[Date "2010.02.10"]
[Round "2"]
[White "Hahn, Wolfgang"]
[Black "Lilienthal, Georg"]
[Result "1-0"]
[WhiteElo "1598"]
[BlackElo "1241"]
[PlyCount "71"]
[EventDate "2010.02.09"]
[EventType "swiss"]
[EventRounds "9"]
[EventCountry "GER"]
[SourceTitle "EXT 2012"]
[Source "ChessBase"]
[SourceDate "2011.11.24"]
[SourceVersion "1"]
[SourceVersionDate "2011.11.24"]
[SourceQuality "1"]

1. c4 c5 2. Nf3 Nc6 3. Nc3 e5 4. e3 d6 5. d4 exd4 6. exd4 Qe7+ 7. Be3 Bg4 8. Be2 Bxf3 9. Bxf3 Na5 10. Qa4+ Qd7 11. Qxa5 Nf6 12. Qb5 Rb8 13. dxc5 a6 14. Qxd7+ Nxd7 15. cxd6 Ne5 16. d7+ Nxd7 17. Bf4 Rc8 18. 0-0 Nc5 19. Rfe1+ Ne6 20. Bd5 Bc5 21. Bxe6 fxe6 22. Rxe6+ Kf7 23. Re4 Rhd8 24. Nd5 Rd7 25. b4 Bf8 26. Nb6 Rcd8 27. Nxd7 Rxd7 28. c5 a5 29. a3 g6 30. Be5 Bh6 31. Bd6 Bg5 32. Rae1 axb4 33. axb4 b6 34. f4 Bf6 35. g4 h6 36. Kg2 1-0

[Event "Berlin Eckbauer op 12th"]
[Site "Berlin"]
[Date "2009.09.28"]
[Round "3.25"]
[White "Lilienthal, Georg"]
[Black "Bender, Sebastian1111"]
[Result "0-1"]
[WhiteElo "1237"]
[BlackElo "1482"]
[PlyCount "150"]
[EventDate "2009.09.14"]
[EventType "swiss"]
[EventRounds "7"]
[EventCountry "GER"]
[SourceTitle "EXT 2022"]
[Source "ChessBase"]
[SourceDate "2021.10.06"]
[SourceVersion "1"]
[SourceVersionDate "2021.10.06"]
[SourceQuality "1"]

1. d4 Nf6 2. c4 c5 3. d5 b5 4. e3 b4 5. a3 Qa5 6. Nd2 d6 7. b3 g6 8. Bb2 Bg7 9. a4 0-0 10. h3 Bf5 11. f3 Qc7 12. e4 Bc8 13. Bd3 Nbd7 14. Ne2 Ne5 15. Bc2 Nh5 16. Rb1 Bh6 17. Bc1 Bg5 18. h4 Bh6 19. Nf1 Bxc1 20. Qxc1 e6 21. Ne3 Qe7 22. f4 Nd7 23. Ng4 f5 24. Nf2 fxe4 25. Bxe4 Ndf6 26. Bf3 exd5 27. g4 Ng3 28. Rg1 Nxe2 29. Bxe2 d4 30. h5 Bb7 31. f5 Rae8 32. Rb2 Bf3 33. Qd2 Bxe2 34. Qxe2 Qxe2+ 35. Rxe2 Rxe2+ 36. Kxe2 Re8+ 37. Kd1 Re3 38. hxg6 hxg6 39. g5 Nh5 40. f6 Rxb3 41. Kc2 Rc3+ 42. Kb1 Re3 43. Ng4 Re2 44. Rf1 Re4 45. f7+ Kf8 46. Nf6 Nxf6 47. Rxf6 Re7 48. Rxg6 Rxf7 49. Rxd6 Kg7 50. Rd5 Rc7 51. Rd6 Kf7 52. Rh6 Re7 53. g6+ Kf6 54. g7+ Kxg7 55. Rc6 Re5 56. Rc7+ Kf6 57. Rxa7 Re1+ 58. Kc2 Re2+ 59. Kd3 Re3+ 60. Kd2 Rc3 61. Rb7 Ra3 62. Rb5 b3 63. Rxc5 Ra2+ 64. Kc1 Rc2+ 65. Kb1 d3 66. Rd5 d2 67. a5 Rc1+ 68. Kb2 d1Q 69. Rxd1 Rxd1 70. Kxb3 Rb1+ 71. Kc3 Ke7 72. c5 Kd7 73. Kc4 Kc6 74. a6 Ra1 75. Kb4 Rxa6 0-1

[Event "Berlin-ch Seniors op 25th"]
[Site "Berlin"]
[Date "2009.02.12"]
[Round "1.57"]
[White "Weigelt, Reinhard"]
[Black "Lilienthal, Georg"]
[Result "1-0"]
[WhiteElo "1826"]
[BlackElo "1301"]
[PlyCount "41"]
[EventDate "2009.02.12"]
[EventType "swiss"]
[EventRounds "9"]
[EventCountry "GER"]
[SourceTitle "EXT 2022"]
[Source "ChessBase"]
[SourceDate "2021.10.06"]
[SourceVersion "1"]
[SourceVersionDate "2021.10.06"]
[SourceQuality "1"]

1. e4 e5 2. f4 d6 3. Nf3 Nf6 4. Nc3 h6 5. Bc4 Nxe4 6. 0-0 d5 7. Nxd5 Bc5+ 8. Kh1 Nf2+ 9. Rxf2 Bxf2 10. Qe2 e4 11. Qxe4+ Be6 12. f5 0-0 13. fxe6 fxe6 14. Qxe6+ Kh8 15. d4 Bxd4 16. Bxh6 c6 17. Ne7 Rf6 18. Bxg7+ Kxg7 19. Qg4+ Kf8 20. Re1 Qe8 21. Qg8# 1-0

[Event "Berlin-ch Seniors op 24th"]
[Site "Berlin"]
[Date "2008.02.28"]
[Round "8"]
[White "Gross, Horst"]
[Black "Lilienthal, Georg"]
[Result "1-0"]
[WhiteElo "1392"]
[BlackElo "1148"]
[PlyCount "67"]
[EventDate "2008.02.21"]
[EventType "swiss"]
[EventRounds "9"]
[EventCountry "GER"]
[SourceTitle "EXT 2022"]
[Source "ChessBase"]
[SourceDate "2021.10.06"]
[SourceVersion "1"]
[SourceVersionDate "2021.10.06"]
[SourceQuality "1"]

1. Nf3 d5 2. e3 e6 3. d4 Nf6 4. Bd3 Be7 5. Nbd2 0-0 6. 0-0 Nc6 7. c3 Bd6 8. e4 Bf4 9. e5 Nh5 10. g4 Bxh2+ 11. Nxh2 Nf4 12. Ndf3 Ng6 13. Re1 h6 14. Qc2 Nce7 15. b3 Kh8 16. g5 h5 17. Qe2 Nf5 18. Qf1 f6 19. Qh3 fxe5 20. Qxh5+ Kg8 21. Qxg6 e4 22. Bxe4 dxe4 23. Rxe4 Qd6 24. Ne5 Qe7 25. Qh5 Qe8 26. Qxe8 Rxe8 27. Nhg4 Ne7 28. c4 Bd7 29. Nxd7 Red8 30. Nc5 Ng6 31. Bb2 Rf8 32. Nxe6 Rf7 33. Ba3 Re8 34. Nc5 1-0

[Event "Berlin-ch Seniors op 24th"]
[Site "Berlin"]
[Date "2008.02.24"]
[Round "4"]
[White "Lilienthal, Georg"]
[Black "Scholz, Detlef"]
[Result "0-1"]
[WhiteElo "1148"]
[BlackElo "1391"]
[PlyCount "54"]
[EventDate "2008.02.21"]
[EventType "swiss"]
[EventRounds "9"]
[EventCountry "GER"]
[SourceTitle "EXT 2022"]
[Source "ChessBase"]
[SourceDate "2021.10.06"]
[SourceVersion "1"]
[SourceVersionDate "2021.10.06"]
[SourceQuality "1"]

1. d4 d5 2. c4 dxc4 3. Nc3 e5 4. Be3 Nc6 5. d5 Nce7 6. Qa4+ Bd7 7. Qxc4 Nf5 8. Qe4 Bd6 9. Nf3 Nf6 10. Qd3 e4 11. Nxe4 Nxe4 12. Qxe4+ Ne7 13. Bd4 Bf5 14. Qe3 0-0 15. Qg5 Bb4+ 16. Nd2 Qxd5 17. e3 Bxd2+ 18. Kxd2 c5 19. b3 Ng6 20. Qg3 Kh8 21. Bc4 Qd8 22. Ke2 cxd4 23. Rad1 d3+ 24. Bxd3 Bxd3+ 25. Rxd3 Qa5 26. a4 Qa6 27. f4 Rad8 0-1